Lehrbuch der Finanzwissenschaft für Staats- und Selbstverwaltung / (Record no. 165739)

MARC details
000 -LEADER
campo de control de longitud fija 00547nam a22001695i 4500
001 - NÚMERO DE CONTROL
campo de control 165739
003 - IDENTIFICADOR DE NÚMERO DE CONTROL
campo de control ES-MaACL
005 - FECHA Y HORA DE LA ÚLTIMA TRANSACCIÓN
campo de control 20230906213210.0
008 - DATOS DE LONGITUD FIJA--INFORMACIÓN GENERAL
campo de control de longitud fija 010611s1878 gw |||| | ger d
040 ## - FUENTE DE CATALOGACIÓN
Centro catalogador/agencia de origen CCPB | B
Lengua de catalogación spa
Centro/agencia transcriptor CCPB | B
100 0# - ENTRADA PRINCIPAL--NOMBRE DE PERSONA
Nombre de persona Stein, Lorenz von.
9 (RLIN) 108034
245 10 - MENCIÓN DEL TÍTULO
Título Lehrbuch der Finanzwissenschaft für Staats- und Selbstverwaltung /
Mención de responsabilidad, etc. von Lorenz von Stein.
250 ## - MENCION DE EDICION
Mención de edición 4. neubearbeitete Aufl.
260 ## - PUBLICACIÓN, DISTRIBUCIÓN, ETC.
Lugar de publicación, distribución, etc. Leipzig :
Nombre del editor, distribuidor, etc. J. A. Brockhaus,
Fecha de publicación, distribución, etc. 1878.
300 ## - DESCRIPCIÓN FÍSICA
Extensión 2 v. ;
Dimensiones 23 cm.
852 ## - LOCALIZACIÓN
Ubicación ES-MaACL
Número de control de estantería G-2832-33
Nota libre -- Enc. hol.
Holdings
Estatus retirado Estado de pérdida Estado de daño No para préstamo Colección Biblioteca de origen Biblioteca actual Ubicación en estantería Fecha de adquisición Total de préstamos Signatura topográfica completa Código de barras Visto por última vez Precio de reemplazo Tipo de ítem Koha
        Libros del s. XIX Biblioteca del Ateneo de Madrid Biblioteca del Ateneo de Madrid Depósito 2 17/01/2008   G-2832-33 1173816 23/02/2023 23/02/2023 Libro impreso antiguo